Main Asian Airport IATA Codes Quiz Stats

 Plays Quiz not verified by Sporcle

Challenge
Share
Tweet
Embed
Score 0/67 Timer 15:00
0 Plays Today
Hint Answer % Correct
Hong KongHKG
85.2%
BeijingPEK
84%
Seoul/IncheonICN
82.7%
DelhiDEL
82.7%
Tokyo Narita/NaritaNRT
81.5%
BangkokBKK
76.5%
TaipeiTPE
75.3%
SingaporeSIN
74.1%
Kuala LumpurKUL
71.6%
Tokyo Haneda/HanedaHND
70.4%
Osaka Kansai/KansaiKIX
70.4%
ShanghaiPVG
70.4%
ManilaMNL
66.7%
MumbaiBOM
66.7%
HanoiHAN
59.3%
JakartaCGK
58%
Osaka Itami/ItamiITM
54.3%
Guangzhou/CantonCAN
54.3%
FukuokaFUK
49.4%
ColomboCMB
49.4%
MaleMLE
48.1%
Seoul Gimpo/GimpoGMP
46.9%
CebuCEB
44.4%
DenpasaarDPS
44.4%
PenangPEN
42%
Pusan/BusanPUS
40.7%
Phnom PenhPNH
40.7%
Ho Chi Mihn City/SaigonSGN
39.5%
XiamenXMN
34.6%
PhuketHKT
34.6%
Yangoon/RangoonRGN
33.3%
ChennaiMAA
33.3%
KathmanduKTM
32.1%
Nagoya Chubu/Chubu/CentrairNGO
28.4%
Hint Answer % Correct
TehranTHR
25.9%
KolkataCCU
24.7%
IslamabadISB
24.7%
Bandar Seri BegawanBWN
23.5%
Ulan BatorULN
22.2%
DakhaDAC
22.2%
KarachiKHI
22.2%
TashkentTAS
22.2%
Sapporo New Chitose Airport/SapporoCTS
21%
KunmingKMG
21%
ShenzhenSZX
21%
ShenyangSHE
19.8%
MascateMCT
19.8%
Jeju/ChejuCJU
17.3%
ChengduCTU
17.3%
Naha/OkinawaOKA
16%
Siam ReapREP
16%
VladivostokVVO
13.6%
KaohsiungKHH
13.6%
Kota KinabaluBKI
13.6%
HangzhouHGH
12.3%
Chiang MaiCNX
11.1%
Koh Samui/SamuiUSM
9.9%
MacauMFM
9.9%
Xi'anXIY
8.6%
IbarakiIBR
8.6%
Tianjin/TientsinTSN
7.4%
SendaiSDJ
6.2%
KhabarovskKHV
4.9%
DalianDLC
4.9%
QingdaoTAO
3.7%
NiigataKIJ
1.2%
ChangchunCGQ
1.2%

You're not logged in!

Compare scores with friends on all Sporcle quizzes.
Join for Free
OR
Log In

You Might Also Like...

Show Comments

Extras

Top Quizzes Today


Score Distribution

Your Account Isn't Verified!

In order to create a playlist on Sporcle, you need to verify the email address you used during registration. Go to your Sporcle Settings to finish the process.

Report this User

Report this user for behavior that violates our Community Guidelines.

Details: